Borscht - Sudden Death - Statistics

General Stats
  • This quiz has been taken 56 times
  • The average score is 6 of 7
Answers on the Grid
Answers color-coded by a green-red scale on the quiz's grid according to % correct below.
Cabbage
Eggplant
Beetroot
Potato
Carrot
Pear
Onion
Garlic
Cucumber
Strawberry
Corn
Dill
 
Answer Stats
Answer % Correct
Beetroot
92%
Cabbage
92%
Dill
82%
Onion
82%
Carrot
80%
Potato
78%
Garlic
75%
No matching quizzes found
Score Distribution
Percent of People with Each Score
Percentile by Number Answered
Your Score History
You have not taken this quiz